| 000 | 00000nam 2200000za 4500 |
| 001 | 9.593209 |
| 003 | CaOODSP |
| 005 | 20210624201716 |
| 007 | cr ||||||||||| |
| 008 | 150406s2006||||xxc|||||o f|0| 0 fre d |
| 020 | |a0-662-71777-5 |
| 040 | |aCaOODSP|bfre |
| 043 | |an-cn--- |
| 086 | 1 |aCW69-14/487-2006F-PDF |
| 110 | 2 |aService canadien de la faune. |
| 245 | 10|aÉvaluation et rapport de situation du COSEPAC sur la Mulette feuille d'érable Quadrula quadrula : population de la Saskatchewan - Nelson, population des Grands Lacs - Ouest du Saint-Laurent au Canada |h[ressource électronique]. |
| 260 | |aOttawa : |bEnvironnement Canada,|c2006. |
| 300 | |a73 p.|bgraphiques, ill., cartes, références, tableaux |
| 500 | |a«Population de la Saskatchewan – Nelson - espèce en voie de disparition, population des Grands Lacs - Ouest du Saint-Laurent – espèce menacée, 2006» |
| 500 | |aPubl. aussi en anglais sous le titre : COSEWIC assessment and status report on the Mapleleaf Mussel, Quadrula quadrula, Saskatchewan – Nelson population, Great Lakes – Western St. Lawrence population, in Canada. |
| 590 | |a07-04|b2007-01-26 |
| 691 | 07|aCrustacé|2gcpds |
| 691 | 07|aEspèce menacée|2gcpds |
| 775 | 08|tCOSEWIC assessment and status report on the Mapleleaf Mussel, Quadrula quadrula, Saskatchewan – Nelson population, Great Lakes – Western St. Lawrence population, in Canada |w(CaOODSP)9.560543 |
| 794 | |tÉvaluation et rapport de situation du COSEPAC sur la Mulette feuille d'érable, Quadrula quadrula, population des Grands Lacs et du haut Saint–Laurent, population de la rivière Saskatchewan et du fleuve Nelson, au Canada |w(CaOODSP)9.833131 |
| 856 | 40|ahttp://publications.gc.ca|qPDF|s3080 Ko|uhttps://publications.gc.ca/collections/Collection/CW69-14-487-2006F.pdf |